Infrastructure information service (Record no. 84603)

MARC details
000 -LEADER
fixed length control field 01113cad a22002175a 4500
001 - CONTROL NUMBER
control field L158472
008 - FIXED-LENGTH DATA ELEMENTS--GENERAL INFORMATION
fixed length control field 100331s2015 xxk f 000 0 eng d
035 ## - SYSTEM CONTROL NUMBER
System control number (Sirsi) u158472
041 0# - LANGUAGE CODE
Language code of text/sound track or separate title eng
110 2# - MAIN ENTRY--CORPORATE NAME
Corporate name or jurisdiction name as entry element Royal Institution of Chartered Surveyors
9 (RLIN) 4900
245 00 - TITLE STATEMENT
Title Infrastructure information service
Medium [electronic resource]
260 ## - PUBLICATION, DISTRIBUTION, ETC.
Place of publication, distribution, etc. London
Name of publisher, distributor, etc. RICS
Date of publication, distribution, etc. 2015
520 ## - SUMMARY, ETC.
Summary, etc. New subscription package developed in response to the Government's strategy and reports from the Treasury's Infrastructure UK which highlighted several important issues. The need for greater transparency of costs, the importance of benchmark data in controlling costs, the need for data to provide a high level challenge on new projects, and clearer understanding of the cost of the risk of future inflation on long term projects and programmes.
521 ## - TARGET AUDIENCE NOTE
Target audience note Advanced
590 ## - LOCAL NOTE (RLIN)
Local note KA
651 #4 - SUBJECT ADDED ENTRY--GEOGRAPHIC NAME
Geographic name International
690 ## - LOCAL SUBJECT ADDED ENTRY--TOPICAL TERM (OCLC, RLIN)
Topical term or geographic name as entry element Infrastructure
9 (RLIN) 6246
690 ## - LOCAL SUBJECT ADDED ENTRY--TOPICAL TERM (OCLC, RLIN)
Topical term or geographic name as entry element BCIS
856 40 - ELECTRONIC LOCATION AND ACCESS
Uniform Resource Identifier <a href="https://www.rics.org/uk/knowledge/bcis/about-bcis/construction/infrastructure-information-service/">https://www.rics.org/uk/knowledge/bcis/about-bcis/construction/infrastructure-information-service/</a>
Public note View the website at www.rics.org
942 ## - ADDED ENTRY ELEMENTS (KOHA)
Suppress in OPAC 0
Holdings
Withdrawn status Lost status Source of classification or shelving scheme Damaged status Not for loan Home library Current library Shelving location Date acquired Total Checkouts Full call number Barcode Date last seen Copy number Price effective from Koha item type
    Dewey Decimal Classification     Virtual Virtual Online 12/03/2015   ONLINE PUBLICATION 158472-2001 06/08/2019 1 06/08/2019 Journal article